Provisional Authority: (Record no. 205585)

MARC details
000 -LEADER
fixed length control field 00627nam a22001937a 4500
005 - DATE AND TIME OF LATEST TRANSACTION
control field 20240905122420.0
010 ## - LCCN (DPL NO)
LC control number ENG-141655
020 ## - INTERNATIONAL STANDARD BOOK NUMBER
International Standard Book Number 9788178245140
Terms of availability 695.00
035 ## - SYSTEM CONTROL NUMBER
System control number EN-125187
037 ## - SOURCE OF ACQUISITION
Source of stock number/acquisition DBAD
082 ## - DEWEY DECIMAL CLASSIFICATION NUMBER
Classification number 342.540662
Edition number 1
100 ## - MAIN ENTRY--PERSONAL NAME
Personal name Jauregui, Beatrice
245 ## - TITLE STATEMENT
Title Provisional Authority:
Remainder of title Police, Order and Security in India/
Statement of responsibility, etc By Beatrice Jauregui
250 ## - EDITION STATEMENT
Edition statement 1
260 ## - PUBLICATION, DISTRIBUTION, ETC. (IMPRINT)
Place of publication, distribution, etc Ranikhet
Name of publisher, distributor, etc Permanent Black
Date of publication, distribution, etc 2017
270 ## - ADDRESS
Address 'Himalyana' , Mall Road, Ranikhet Cantt
City Ranikhet
Postal code 263645
Electronic mail address perblack@gmail.com
300 ## - PHYSICAL DESCRIPTION
Extent 205p.
Dimensions 22cm.(hb)
942 ## - ADDED ENTRY ELEMENTS (KOHA)
Source of classification or shelving scheme Dewey Decimal Classification
Item type English Books
Classification part 342.540662
Call number suffix JAU
Edition 1
Holdings
Withdrawn status Lost status Not for loan Collection code Home library Current library Date acquired Source of acquisition Cost, normal purchase price Full call number Barcode Copy number Cost, replacement price Koha item type
      Non-fiction Sarojini Nagar Sarojini Nagar 05/09/2024 Delivery of Books Act Division 695.00 342.540662 JAU EN-125187 1 695.00 English Books

© Delhi Public Library
Hit Counter
free hit counter